New Zealand Rugby All Blacks - Most tries by a player aged 30 or over - Statistics

General Stats
  • This quiz has been taken 124 times
    48 since last reset
  • The average score is 8 of 12
Answer Stats
Tries Player % Correct
8 Richard McCaw
95%
14 Ben Smith
90%
5 Conrad Smith
90%
5 Kieran Read
90%
9 Ma'a Nonu
85%
20 Frank Bunce
77%
12 Tana Umaga
67%
8 Mils Muliaina
62%
7 Sean Fitzpatrick
59%
8 Zinzan Brooke
59%
5 Richard Loe
13%
5 Eric Rush
3%
No matching quizzes found
Score Distribution
Percent of People with Each Score
Percentile by Number Answered
Your Score History
You have not taken this quiz since the last reset